000 01006nam a22003377a 4500
001 BR9604722
003 BR-BrBNA
005 20230928095236.0
007 ta
008 230509b bl.||||| |||| 00| 0 por d
040 _aBR-BrBNA
_bpor
_cBiblioteca Nacional de Agricultura
041 _a(Por)
072 _aF60
_b1930
090 _ 1930 BR9604722
100 1 _aMoraes, M.G. de
110 1 _aUniversidade Federal de Lavras, MG (Brasil)
_0Tese (Mestre em Agronomia)
245 1 _aEfeitos da anoxia no teor de proteinas e nas atividades da alcool e lactato desidrogenases em especies herbaceas
260 3 _aLavras, MG (Brasil):
_c1995.
300 _a42 p.
500 _aSummaries (Eng, Por); Bibliography p. 38-42; 9 illus.
650 _aCipo-de-Veado
650 _aCapim
650 _aCapim Branco
650 _aCapim Gordura
650 _aProteina
650 _aDesidrogenase
650 _aDeficiencia
650 _aOxigenio
909 _a202309
_bLucia
_c55
_dLucia Elande
942 _cBK
999 _c55389
_d55389